Volante : periódico provincial de campamentos periódico provincial de campamentos
Descripción Física:
il·lustracions en blanc i negre ; 32 cm
Materias:
Falangisme -- Revistes
; Frente de Juventudes (Barcelona, Catalunya) -- Revistes
; Joves -- Associacions i clubs -- Diaris
Idioma:
Español
MARC
| LEADER | 00000nas a2200000 a 4500 | ||
|---|---|---|---|
| 001 | 29050 | ||
| 003 | AGDB | ||
| 005 | 20260324175351.0 | ||
| 008 | 160829s1942 - xx 000 0 cat d | ||
| 008 | 160829s9999 xx 000 0 cat d | ||
| 041 | |a spa | ||
| 080 | |a Revistes | ||
| 245 | |a Volante : |b periódico provincial de campamentos | ||
| 260 | |a Barcelona : |b Tip. S. Vives, |c 1942- | ||
| 300 | |a il·lustracions en blanc i negre ; |c 32 cm | ||
| 362 | |a Serie 1, año 2, no. 1 (8 jul. 1942)- | ||
| 590 | |a Descripció basada en: Serie 1, año 2, no. 1 (8 jul. 1942) | ||
| 650 | 0 | |a Falangisme |9 72781 |v Revistes | |
| 650 | 0 | |a Frente de Juventudes (Barcelona, Catalunya) |9 72782 |v Revistes | |
| 650 | |a Joves |x Associacions i clubs |x Diaris |9 29850 | ||
| 901 | |a Arxiu | ||
| 942 | |n 1 |2 udc |c ARXIU | ||
| 952 | |0 0 |1 0 |2 udc |4 0 |6 REV2407 |7 1 |9 45147 |a Arxiu |b Arxiu |d 2016-12-01 |h Serie 1, año 2, no. 1 (8 jul. 1942) |l 0 |o Rev-2407 |p 29050 |r 2016-12-01 00:00:00 |w 2016-12-01 |y ARXIU | ||
| 999 | |c 48196 |d 48196 | ||